000 00410nam a22001697a 4500
003 OSt
008 210520b ||||| |||| 00| 0 eng d
020 _a9788192910994
082 _a158.1
_bCAH
100 _aCARNEGIE,Dale
245 _aHow to win Friends and Influence People
250 _aRep
260 _aMumbai
_bIndia Book Distributors ltd
300 _a322
650 _aApplied Sc
942 _2ddc
_cBK
999 _c10645
_d10645